• 首页
  • 本馆介绍
  • 公告通知
  • 最新文献
  • 馆藏检索
  • 电子资源
  • 读者导购
  • 参考咨询
  • 我的图书馆
  • 登录
  • 详细信息显示
  • 放入我的书架
  • 预约/预借图书
  • 作者相关作品
  • 分类相关作品
  • 丛书相关作品
  • 出版社相关作品

书目信息

  • 表格格式
  • 工作单格式
  • 卡片格式
题名:
版面畅想
    
 
作者: 刘亚中 著
分册:  
出版信息: 济南   山东画报出版社  2002
页数: 261页
开本: 21cm
丛书名:
单 册:
中图分类: TS881
科图分类:
主题词: 版式--设计--研究
电子资源:
ISBN: 7-80603-628-8
000 00661nam0 2200205 45
001 0406011512
005 20040601152839.8
010    @a7-80603-628-8@dCNY18.00
100    @a20040601d2002 km y0chiy0120 ea
101 0  @achi
105    @aa z 000yy
200 1  @a版面畅想@ABan Mian Chang Xiang@e书报刊版面设计赏析@EShu Bao Kan Ban Mian She Ji Shang Xi@f刘亚中著@FLiu Ya Zhong Zhu
210    @a济南@c山东画报出版社@d2002
215    @a261页@c插图@d21cm
517    @a书报刊版面设计赏析@AShu Bao Kan Ban Mian She Ji Shang Xi
606 0  @a版式@x设计@x研究
690    @aTS881@v4
701  0 @a刘亚中@4著
801    @aCN@bTSTC@c20040601
905    @b334194@dTS881@e33@f1
    
    版面畅想:书报刊版面设计赏析/刘亚中著.-济南:山东画报出版社,2002
    261页:插图;21cm
    
    
    ISBN 7-80603-628-8:CNY18.00
    
●
相关链接 在E读中查询图书 在五车中查询图书 在当当中查询图书 在豆瓣中查询图书


正题名:版面畅想     索取号:TS881/33         预约/预借

序号 登录号 条形码 馆藏地/架位号 状态 备注
1 0334194   203341945   第二样本阅览室/ [索取号:TS881/33] 在馆    
唐山师范学院图书馆 欢迎您!
大连网信软件有限公司© 版权所有